[Event "Frankfurt-chB"]
[Site "Frankfurt"]
[Date "2017.05.02"]
[Round "2"]
[White "Al Butmeh, Firas"]
[Black "Fredershausen, Kurt"]
[Result "1-0"]
[WhiteElo "1195"]
[BlackElo "998"]
[PlyCount "119"]
[EventDate "2017.04.24"]
[EventType "swiss"]
[EventRounds "7"]
[EventCountry "GER"]
[SourceTitle "EXT 2018"]
[Source "ChessBase"]
[SourceDate "2017.10.13"]
[SourceVersion "1"]
[SourceVersionDate "2017.10.13"]
[SourceQuality "1"]

1. e4 e5 2. Nf3 Nf6 3. Nxe5 d6 4. Nf3 Nxe4 5. c4 Nf6 6. d4 g6 7. Nc3 Bg7 8. Be2 0-0 9. 0-0 Re8 10. Be3 Nc6 11. h3 a6 12. Qd2 b6 13. Rfe1 Ne7 14. Rad1 Bb7 15. Bh6 Nf5 16. Bxg7 Nxg7 17. b4 Nf5 18. d5 Kg7 19. Nd4 Nxd4 20. Qxd4 Re5 21. f4 Re8 22. Bg4 Kh6 23. Rxe8 Nxe8 24. Ne4 f5 25. Ng5 Qf6 26. Qxf6 Nxf6 27. Bf3 Re8 28. Ne6 Rc8 29. Re1 c6 30. g4 fxg4 31. hxg4 g5 32. fxg5+ Kg6 33. gxf6 Kxf6 34. dxc6 Bxc6 35. Bd5 Bxd5 36. cxd5 Rc4 37. Rf1+ Ke5 38. Rf5+ Ke4 39. Kg2 Rc2+ 40. Rf2 Rxf2+ 41. Kxf2 Kxd5 42. Nc7+ Ke4 43. Nxa6 Kf4 44. a4 Kxg4 45. a5 bxa5 46. bxa5 Kf4 47. Nb4 Ke4 48. a6 d5 49. a7 Kd4 50. a8Q Kc4 51. Nxd5 Kd4 52. Qh8+ Kd3 53. Qxh7+ Kd2 54. Qh3 Kd1 55. Ke3 Kc2 56. Kd4 Kb2 57. Kc4 Kc2 58. Qh2+ Kd1 59. Kd3 Kc1 60. Qc2# 1-0

[Event "Frankfurt-chB"]
[Site "Frankfurt"]
[Date "2014.06.02"]
[Round "6"]
[White "Fredershausen, Kurt"]
[Black "Overkamp, Ruediger"]
[Result "0-1"]
[WhiteElo "1022"]
[BlackElo "1238"]
[PlyCount "102"]
[EventDate "2014.04.28"]
[EventType "swiss"]
[EventRounds "7"]
[EventCountry "GER"]
[SourceTitle "EXT 2015"]
[Source "ChessBase"]
[SourceDate "2014.11.20"]
[SourceVersion "1"]
[SourceVersionDate "2014.11.20"]
[SourceQuality "1"]

1. e4 e5 2. Nf3 Nc6 3. Bb5 Nf6 4. Bxc6 dxc6 5. d3 Bg4 6. h3 Bh5 7. Nc3 Nd7 8. a3 Be7 9. Be3 0-0 10. Qd2 b5 11. g4 Bg6 12. h4 f6 13. h5 Be8 14. g5 fxg5 15. Nxg5 Rf6 16. Ke2 Bc5 17. Nf3 Bxe3 18. Qxe3 Rh6 19. Rag1 Rxh5 20. Rxh5 Bxh5 21. Kd2 Qf6 22. Rg3 Qf4 23. Qxf4 exf4 24. Rh3 Bg4 25. Ng1 Bxh3 26. Nxh3 f3 27. Ke3 Rf8 28. d4 c5 29. Nxb5 cxd4+ 30. Kxd4 c5+ 31. Kd5 a6 32. Nd6 h6 33. e5 g5 34. e6 Nf6+ 35. Ke5 Kg7 36. Nf5+ Kh7 37. Nd6 Ne8 38. e7 Rg8 39. Nxe8 Rxe8 40. Ke6 Kg7 41. Ng1 g4 42. c4 h5 43. b4 cxb4 44. axb4 h4 45. c5 h3 46. Kd7 Kf7 47. Nxh3 Rxe7+ 48. Kd8 gxh3 49. c6 h2 50. Kc8 h1Q 51. Kb8 Qh8# 0-1

[Event "Karl Mala Memorial op-B 16th"]
[Site "Frankfurt"]
[Date "2013.07.13"]
[Round "4"]
[White "Fredershausen, Kurt"]
[Black "Reitz, Philipp"]
[Result "0-1"]
[WhiteElo "1132"]
[BlackElo "843"]
[PlyCount "130"]
[EventDate "2013.07.11"]
[EventType "swiss"]
[EventRounds "7"]
[EventCountry "GER"]
[SourceTitle "CBM 155 Extra"]
[Source "ChessBase"]
[SourceDate "2013.08.26"]
[SourceVersion "1"]
[SourceVersionDate "2013.08.26"]
[SourceQuality "1"]

1. d4 Nf6 2. c4 c5 3. Nf3 e6 4. Nc3 cxd4 5. Nxd4 Bb4 6. Bd2 d5 7. Qa4+ Nc6 8. Nxc6 bxc6 9. Qxb4 Bd7 10. cxd5 cxd5 11. Qa3 Qb6 12. e3 Rc8 13. b3 Qc5 14. Qxc5 Rxc5 15. Rc1 0-0 16. b4 Rc7 17. Ba6 Rb8 18. a3 Rb6 19. Be2 Bc8 20. 0-0 Ba6 21. Bxa6 Rxa6 22. a4 Rac6 23. b5 Rc4 24. h3 h6 25. a5 Rb7 26. a6 Rb6 27. Ra1 Ne8 28. Rfc1 Nd6 29. Na4 Rxb5 30. Rxc4 Nxc4 31. Bc3 e5 32. Rc1 f6 33. Kf1 Rb8 34. Ke2 Rc8 35. Nb2 Rc6 36. Nxc4 dxc4 37. Ra1 Kf7 38. Ra5 Rb6 39. Rc5 Rxa6 40. Ra5 Rxa5 41. Bxa5 Ke6 42. Bc3 e4 43. Kd2 g6 44. Bb4 h5 45. Kc3 Kd5 46. Be7 f5 47. g3 a6 48. h4 Ke6 49. Bd8 Kd5 50. Ba5 Kc5 51. Bb4+ Kb5 52. Ba3 Ka4 53. Bb2 Kb5 54. Kd4 Kb4 55. Bc3+ Kb5 56. Ke5 Ka4 57. Kf6 Kb3 58. Ba5 c3 59. Kxg6 c2 60. Bd2 a5 61. Kxf5 a4 62. Kxe4 a3 63. Kd3 a2 64. Bc3 c1Q 65. Bd4 Qc2# 0-1

[Event "Frankfurt-chB"]
[Site "Frankfurt"]
[Date "2012.06.04"]
[Round "5"]
[White "Lochmann, Tobias"]
[Black "Fredershausen, Kurt"]
[Result "0-1"]
[WhiteElo "730"]
[BlackElo "1168"]
[PlyCount "70"]
[EventDate "2012.04.30"]
[EventType "swiss"]
[EventRounds "7"]
[EventCountry "GER"]
[SourceTitle "EXT 2013"]
[Source "ChessBase"]
[SourceDate "2012.11.22"]
[SourceVersion "1"]
[SourceVersionDate "2012.11.22"]
[SourceQuality "1"]

1. e4 e5 2. Nf3 Nf6 3. Bc4 d5 4. exd5 Nxd5 5. Nxe5 Be6 6. d3 c6 7. 0-0 Bd6 8. Nf3 h6 9. Nbd2 b5 10. Bxd5 Bxd5 11. c4 Be6 12. Ne4 Be7 13. Bf4 0-0 14. cxb5 cxb5 15. Bxb8 Qxb8 16. h3 Qb6 17. d4 f5 18. Nc3 Rad8 19. d5 Bf7 20. Qd3 Bh5 21. Rfe1 Bb4 22. a3 Bxc3 23. bxc3 Bxf3 24. Qxf3 Qc5 25. Qe2 Rxd5 26. Qe6+ Kh7 27. h4 f4 28. h5 Rxh5 29. Qe4+ Kh8 30. Qf3 Re5 31. Rxe5 Qxe5 32. g3 Kh7 33. gxf4 Rxf4 34. Qe3 Rg4+ 35. Kh1 Qh5+ 0-1

[Event "Karl Mala Memorial op 13th"]
[Site "Frankfurt"]
[Date "2010.07.10"]
[Round "5"]
[White "Fredershausen, Kurt"]
[Black "Steffen, Daniel"]
[Result "0-1"]
[WhiteElo "1159"]
[BlackElo "1545"]
[PlyCount "78"]
[EventDate "2010.07.08"]
[EventType "swiss"]
[EventRounds "7"]
[EventCountry "GER"]
[SourceTitle "EXT 2012"]
[Source "ChessBase"]
[SourceDate "2011.11.24"]
[SourceVersion "1"]
[SourceVersionDate "2011.11.24"]
[SourceQuality "1"]

1. d4 f5 2. c4 Nf6 3. Nc3 e6 4. f3 Bb4 5. Bd2 Bxc3 6. Bxc3 b6 7. a3 Bb7 8. e3 d6 9. Bd3 0-0 10. Ne2 Nfd7 11. 0-0 Qg5 12. Ng3 Qxe3+ 13. Kh1 Qh6 14. Bd2 Qf6 15. Bc3 Qe7 16. Re1 f4 17. Ne2 c5 18. Bd2 g5 19. Ng1 cxd4 20. b4 e5 21. Qe2 Nf6 22. h3 Nbd7 23. Qf2 Rac8 24. Ne2 Qf7 25. Rac1 h5 26. g3 g4 27. Ng1 fxg3 28. Qxg3 Qg7 29. Bf5 gxf3 30. Qxg7+ Kxg7 31. Bxd7 f2+ 32. Kh2 fxe1Q 33. Bxe1 Nxd7 34. Bd2 Rf2+ 35. Kg3 Rxd2 36. Kh4 Rg2 37. Rf1 Nf8 38. Nf3 Ng6+ 39. Kxh5 Rh8# 0-1

[Event "Karl Mala Memorial op 12th"]
[Site "Frankfurt"]
[Date "2009.07.19"]
[Round "6"]
[White "Baskin, Robert"]
[Black "Fredershausen, Kurt"]
[Result "1-0"]
[WhiteElo "1722"]
[BlackElo "1201"]
[PlyCount "43"]
[EventDate "2009.07.16"]
[EventType "swiss"]
[EventRounds "7"]
[EventCountry "GER"]
[SourceTitle "EXT 2010"]
[Source "ChessBase"]
[SourceDate "2010.11.25"]
[SourceVersion "1"]
[SourceVersionDate "2010.11.25"]
[SourceQuality "1"]

1. e4 Nf6 2. e5 Ng8 3. d4 e6 4. Bd3 c5 5. c3 Nc6 6. Nf3 h6 7. 0-0 b6 8. Nbd2 a5 9. Ne4 cxd4 10. cxd4 Ba6 11. a3 Be7 12. Be3 Bxd3 13. Qxd3 f6 14. Ng3 f5 15. d5 Nb8 16. Qb5 exd5 17. Bxb6 Qc8 18. Nxf5 Kf7 19. Qxd5+ Kg6 20. Qe4 Qa6 21. Nd6+ Kh5 22. g4# 1-0

[Event "Karl Mala Memorial op 12th"]
[Site "Frankfurt"]
[Date "2009.07.17"]
[Round "3"]
[White "Fredershausen, Kurt"]
[Black "Dyga, Ryszard Adam"]
[Result "0-1"]
[WhiteElo "1201"]
[BlackElo "1623"]
[PlyCount "142"]
[EventDate "2009.07.16"]
[EventType "swiss"]
[EventRounds "7"]
[EventCountry "GER"]
[SourceTitle "EXT 2010"]
[Source "ChessBase"]
[SourceDate "2010.11.25"]
[SourceVersion "1"]
[SourceVersionDate "2010.11.25"]
[SourceQuality "1"]

1. e3 e5 2. c4 Nf6 3. Nc3 d5 4. Nf3 Bg4 5. Be2 Nc6 6. h3 Bf5 7. a3 Bc5 8. Na4 Be7 9. d4 exd4 10. exd4 0-0 11. 0-0 a6 12. Nc3 dxc4 13. Bxc4 Qd6 14. Be3 Ne4 15. Bd3 Nxc3 16. bxc3 Bxd3 17. Qxd3 Rad8 18. Rfe1 Rfe8 19. Ra2 Qd5 20. c4 Qh5 21. Qe2 Qa5 22. d5 Nb8 23. Bd2 Qb6 24. Be3 Bc5 25. Qd3 Bxe3 26. fxe3 Nd7 27. Rae2 Nc5 28. Qf5 Ne4 29. Qf4 Qc5 30. Nd2 Nf6 31. a4 Rd7 32. Kf1 Rde7 33. e4 Nh5 34. Qh2 Qd4 35. g4 Nf6 36. Qg1 Qd3 37. Qe3 Qxe3 38. Rxe3 Re5 39. Nf3 Rxe4 40. Kf2 Rxe3 41. Rxe3 Kf8 42. Rxe8+ Kxe8 43. Ke3 h6 44. Kf4 Ke7 45. Nd4 g6 46. Ke5 Nd7+ 47. Kf4 Kd6 48. Nb3 Nc5 49. Nxc5 Kxc5 50. Ke5 Kxc4 51. d6 cxd6+ 52. Kxd6 b5 53. axb5 axb5 54. Ke7 f5 55. Kf6 fxg4 56. hxg4 g5 57. Kg6 b4 58. Kxh6 b3 59. Kxg5 b2 60. Kh6 b1Q 61. g5 Qh1+ 62. Kg7 Qb7+ 63. Kh6 Qf7 64. g6 Qg8 65. g7 Kd5 66. Kg6 Ke6 67. Kh6 Kf6 68. Kh5 Qxg7 69. Kh4 Kf5 70. Kh3 Kf4 71. Kh2 Kf3 0-1

[Event "Karl Mala Memorial op 10th"]
[Site "Griesheim"]
[Date "2006.07.21"]
[Round "3"]
[White "Fredershausen, Kurt"]
[Black "Glaesser, Tim"]
[Result "0-1"]
[WhiteElo "1262"]
[BlackElo "1622"]
[PlyCount "102"]
[EventDate "2006.07.20"]
[EventType "swiss"]
[EventRounds "7"]
[EventCountry "GER"]
[SourceTitle "CBM 113 Extra"]
[Source "ChessBase"]
[SourceDate "2006.09.14"]
[SourceVersion "1"]
[SourceVersionDate "2006.09.14"]
[SourceQuality "1"]

1. e4 b6 2. Nf3 Bb7 3. d3 e6 4. Nc3 Bb4 5. Bd2 Ne7 6. a3 Bxc3 7. Bxc3 0-0 8. Be2 f5 9. 0-0 Qe8 10. Ng5 fxe4 11. dxe4 Qg6 12. Bd2 h6 13. Bh5 Qf6 14. Bf3 Nbc6 15. Nh3 Ng6 16. Bc3 Nce5 17. b3 Nxf3+ 18. Qxf3 Qxf3 19. gxf3 Rxf3 20. Bxg7 Kxg7 21. Kg2 Nh4+ 22. Kh1 Rxh3 23. Rg1+ Kh7 24. Rg4 Rg8 25. Rag1 Rxg4 26. Rxg4 Ng6 27. Kg2 Rc3 28. f3 Rxc2+ 29. Kh3 Rc3 30. Kg3 Rxb3 31. h4 Ne5 32. Rf4 Kg7 33. h5 c5 34. Rh4 Rxf3+ 35. Kg2 Re3 36. Kf2 Rxe4 37. Rh3 c4 38. Rg3+ Rg4 39. Re3 Nd3+ 40. Ke2 Re4 41. Rxe4 Bxe4 42. Kd2 d5 43. Kc3 Ne1 44. Kb4 a5+ 45. Ka4 c3 46. Kb3 c2 47. Kb2 d4 48. Kc1 d3 49. Kd2 Nf3+ 50. Ke3 c1Q+ 51. Kf2 Qg1# 0-1

[Event "Karl Mala Memorial op 09th"]
[Site "Frankfurt"]
[Date "2005.07.31"]
[Round "6"]
[White "Blanke, Manon"]
[Black "Fredershausen, Kurt"]
[Result "1-0"]
[WhiteElo "1475"]
[BlackElo "1222"]
[PlyCount "111"]
[EventDate "2005.07.28"]
[EventType "swiss"]
[EventRounds "7"]
[EventCountry "GER"]
[SourceTitle "EXT 2006"]
[Source "ChessBase"]
[SourceDate "2005.11.24"]
[SourceVersion "1"]
[SourceVersionDate "2005.11.24"]
[SourceQuality "1"]

1. d4 d5 2. c4 Nf6 3. Nf3 e6 4. Bg5 Be7 5. Nc3 dxc4 6. e4 c5 7. dxc5 Qxd1+ 8. Rxd1 a6 9. Bxc4 Bxc5 10. 0-0 0-0 11. Bxf6 gxf6 12. Rd3 Be7 13. Rfd1 Nc6 14. a3 b5 15. Ba2 Bb7 16. Rd7 Rab8 17. b4 Rfd8 18. Ne1 Rxd7 19. Rxd7 Ba8 20. Kf1 Rb7 21. Rd2 Rb8 22. Ke2 Rd8 23. Rxd8+ Nxd8 24. Nd3 Nc6 25. Kd2 Bd6 26. g3 Be5 27. Nc5 Bxc3+ 28. Kxc3 a5 29. bxa5 Nxa5 30. Kb4 Nb7 31. Nxb7 Bxb7 32. Kxb5 Bxe4 33. Bc4 Kf8 34. Kb6 Ke7 35. Kc7 Bd5 36. Bb5 Bb3 37. a4 Bxa4 38. Bxa4 e5 39. g4 h6 40. Kc6 Kf8 41. Bc2 Ke7 42. Kd5 Kd7 43. Ke4 Kd6 44. Kf5 Ke7 45. h3 Kd6 46. Kxf6 Kd5 47. f3 Kd4 48. Kxf7 Ke3 49. Be4 Kf4 50. Kg6 Kg3 51. Kxh6 Kxh3 52. g5 Kg3 53. g6 Kf4 54. g7 Kg3 55. g8Q+ Kf4 56. Qg5# 1-0

[Event "Karl Mala Memorial op 09th"]
[Site "Frankfurt"]
[Date "2005.07.28"]
[Round "1"]
[White "Fredershausen, Kurt"]
[Black "Frey, Michael"]
[Result "0-1"]
[WhiteElo "1222"]
[BlackElo "1987"]
[PlyCount "104"]
[EventDate "2005.07.28"]
[EventType "swiss"]
[EventRounds "7"]
[EventCountry "GER"]
[SourceTitle "EXT 2006"]
[Source "ChessBase"]
[SourceDate "2005.11.24"]
[SourceVersion "1"]
[SourceVersionDate "2005.11.24"]
[SourceQuality "1"]

1. d4 f5 2. e3 Nf6 3. Nf3 g6 4. Bc4 Bg7 5. Ng5 e6 6. Nf3 0-0 7. Nc3 d5 8. Bb3 Nbd7 9. Ng5 Re8 10. 0-0 h6 11. Nf3 Ne4 12. Qd3 a6 13. Ne2 c5 14. c4 b5 15. Qd1 bxc4 16. Ba4 Rf8 17. Bd2 Rb8 18. Rb1 Nb6 19. Ba5 Bd7 20. Bxd7 Qxd7 21. Nc3 Qd6 22. Na4 Nxa4 23. Qxa4 Rb5 24. Bc3 Rfb8 25. Qc2 Qc7 26. Nd2 cxd4 27. exd4 Qe7 28. Nxe4 fxe4 29. Rfd1 Qf7 30. b3 cxb3 31. axb3 Qb7 32. Rb2 Rxb3 33. Rdb1 Rxb2 34. Rxb2 Qc8 35. Rxb8 Qxb8 36. g3 Qb6 37. Qa4 Qb5 38. Qa1 Qd3 39. Bb2 h5 40. h4 Bh6 41. Bc1 Qd1+ 42. Kg2 Bxc1 43. Qxa6 Qf3+ 44. Kf1 Qd3+ 45. Qxd3 exd3 46. Ke1 Kf7 47. f3 Kf6 48. g4 Bf4 49. gxh5 gxh5 50. Kf2 Kf5 51. Ke1 Be3 52. Kd1 Kf4 0-1